| 000 | 01745nam a2200313 a 4500 | ||
|---|---|---|---|
| 003 | BLK | ||
| 005 | 20250218101817.0 | ||
| 007 | ta | ||
| 008 | 221104b bu |||||r|||| 00| | bu d | ||
| 020 | _a978-619-7101-22-5 | ||
| 040 | _aBLK | ||
| 041 |
_aBUL _cBUL |
||
| 080 |
_9227592 _aБългарска литература _b821.163.2 _x-34 _z821.163.2-34 |
||
| 084 | _aК 16 | ||
| 100 |
_aКалиакренски, Яни _qХаджиянев, Яни Парашкевов _9449264 |
||
| 245 |
_aНеизвестните _cЯни Калиакренски; състав. Атанас Димитров - АтаДим ; ил. Любомир Михайлов |
||
| 260 |
_9389809 _aКаварна [т.е. София] _bРекламна агенция Очи _c2023 |
||
| 300 |
_a158 с. _c17 см |
||
| 380 | _aX | ||
| 500 | _aЯни Калиакренски - псевд. на авт. Яни Парашкевов Хаджиянев Пълната форма на името на състав. Атанас Димитров е Атанас Димитров Атанасов, на ил. Любомир Михайлов - Любомир Михайлов Йовев Яни Калиакренски и "Неизвестните" / Маргарита Терзиева: с. 3-11 Кратко животоописание на Яни Калиакренски: с. 155-157 Кратък речник: с. 149-153 | ||
| 700 |
_9429249 _aДимитров, Атанас |
||
| 700 |
_9432683 _aМихайлов, Любомир |
||
| 852 |
_bП _c821.163.2-32/К 16 |
||
| 852 |
_bЦб _aЦб І 43036 |
||
| 856 |
_i0.00 _ldisable |
||
| 942 |
_cKNG _n0 _04 |
||
| 944 |
_cМоника Янева _k30553 _lИваничка Йорданова |
||
| 999 |
_c497644 _d497644 |
||
| 999 | _d497644 | ||